Visualizzazione normale
Vista MARC
- Verde, Alessandro,
di Personal Name
Records bibliografici associati: 3
001 - CONTROL NUMBER
- control field: 15341
003 - CONTROL NUMBER IDENTIFIER
- control field: IT-RoINE
005 - DATE AND TIME OF LATEST TRANSACTION
- control field: 20141205130026.0
008 - FIXED-LENGTH DATA ELEMENTS
- fixed length control field: 141205|| aca||aabn | a|a d
040 ## - CATALOGING SOURCE
- Original cataloging agency: IT-RoINE
- Transcribing agency: IT-RoINE
100 ## - HEADING--PERSONAL NAME
- Personal name: Verde, Alessandro,
- Titles and other words associated with a name: Cardenal,
- Dates associated with a name: 1865-1958
670 ## - SOURCE DATA FOUND
- Source citation: Work cat.: (IT-RoINE): Canonizationis BB. MM. Rochi Gonzalez de Santa Cruz, Alphonsi Rodriguez et Joannis del Castillo sacerdotum professum e Soc. Jesu :, 1955.